| 000 | 00674cam a2200217 a 4500 | ||
|---|---|---|---|
| 008 | |||
| 049 | _aMAIN | ||
| 090 |
_aKQK108.35 _bNDL |
||
| 100 | 1 | _aNdlela, Nkosi. | |
| 245 | 1 | 0 |
_aCritical analysis of tha media law in Zimbabwe / _cNkosi Ndlela. |
| 260 |
_aKonrad Adenuer Foundtion, _cc2003. |
||
| 300 |
_a80 p. : _bill. ; _c24 cm. |
||
| 504 | _aIncludes bibliographical references. | ||
| 650 | 0 |
_aMass media _xLaw and legislation _zZimbabwe. |
|
| 650 | 0 |
_aFreedom of the press _zZimbabwe. |
|
| 907 |
_a.b10323028 _b24-09-15 _c13-11-12 |
||
| 003 | |||
| 005 | 20230123125505.0 | ||
| 040 | _cNUST | ||
| 942 |
_cBOOKS _kKQK108.35 _mNDL |
||
| 999 |
_c142442 _d142442 |
||